| 000 | 01437cam a2200301 i 4500 | ||
|---|---|---|---|
| 003 | SA-RiAUC | ||
| 005 | 20260330130552.0 | ||
| 008 | 260315s1950 ua g 00000 ara c | ||
| 040 |
_aSA-RiAUC _bara _cSA-RiAUC _erda |
||
| 082 | 0 | 4 |
_a217.2 _qSA-RiAUC |
| 090 |
_aم ن 217.2 _bا ب ن ز |
||
| 100 | 1 |
_aابن زيني دحلان، أحمد، _d1232-1304 هجري _eمؤلف. |
|
| 245 | 1 | 2 |
_aالدرر السنية في الرد على الوهابية ؛ _bويليه رسالة النصر في ذكر وقت صلاة العصر / _cتأليف أحمد بن زيني دحلان. |
| 250 | _aالطبعة الثانية. | ||
| 264 | 1 |
_aالقاهرة : _bشركة مكتبة ومطبعة مصطفى البابي الحلبي، _c1950 |
|
| 300 |
_a75 صفحة ؛ _c29 سم |
||
| 336 |
_aنص _btxt _2rdacontent _3كتاب |
||
| 337 |
_aبدون وسيط _bn _2rdamedia |
||
| 338 |
_aمجلد _bnc _2rdacarrier |
||
| 650 | 7 |
_aالوهابية _2aucsh |
|
| 650 | 7 |
_aالوعظ والإرشاد _2aucsh |
|
| 650 | 7 |
_aالإسلام _xحركات الإحياء والإصلاح والتجديد _2aucsh |
|
| 650 | 7 |
_aصلاة العصر (فقه إسلامي) _2aucsh |
|
| 650 | 7 |
_aالشفاعة _2aucsh |
|
| 700 | 1 | 2 |
_iمع (عمل) : _aابن زيني دحلان، أحمد، _d1232-1304 هجري _tرسالة النصر في ذكر وقت صلاة العصر. |
| 942 |
_2ddc _cRBOOK COPY _n0 |
||
| 949 |
_aSA-JeALM _d260315 _umohamedma123 _n1 |
||
| 999 |
_c14689 _d14689 |
||